00484nam a2200193 a 4500001001300000003000900013005001700022008004100039020000900080082001700089100002300106245003900129260002700168300000900195500003500204505001000239650001800249700002300267nice12345678IN_TiNIC20260116012342.0050524s1982 dela grp 000 0 eng  ac6000a297.63bAHM3 aAhmad, Mohd Inayat aAuthenticated Miracles of Mohammad aDelhibAward Pubc1982 a128p aincludes index and biblioraphy2 aTyped aQuran-Prophet1 aAhmad, Mohd Inayat